000 00619nam a22001817a 4500
005 20251108175313.0
008 250721s2014 xx 000 0 ara d
082 1 4 _a956.5215/عام
100 1 _aبني عامر، موسى محمد ابو العسل
245 1 0 _aالزعامات المحلية في تبنه (ناحية الكورة ) 1500م-1921م /
264 1 _aعمان :
_bوزارة الثقافة،
_c2014.
300 _a399 ص.
650 1 7 _aتاريخ الأردن
650 1 7 _aالقيادة
650 1 7 _aالحكم العثماني للأردن 1920-1517
942 _2ddc
_cBK
999 _c130975
_d130975